Bagaimana menawan hati suami

Bibliographic Details
Main Author: Daud bin Md Salleh (Author)
Format: Book
Language:Malay
Published: Johor Bahru : Perniagaan Jahabersa 2000
Subjects:

MARC

LEADER 00000cam a2200000 7i4500
001 0000011351
005 20241011.0
008 030819 my may
020 |a 9830775208 
040 |a INS   |b eng   |e rda 
090 0 0 |a HQ525.I8   |b .D38 2000 
100 0 |a Daud bin Md Salleh ,   |e author 
245 1 0 |a Bagaimana menawan hati suami   |c Ustaz Hj.Daud bin Md Salleh 
264 1 |a Johor Bahru :   |b Perniagaan Jahabersa   |c 2000 
300 |a v,176p ;   |c 21 cm. 
336 |a text  |2 rdacontent 
337 |a unmediated  |2 rdamedia 
338 |a volume  |2 rdacarrier 
650 0 |a Family   |x Religious life. 
650 0 |a Husband and wife   |x Religious aspects   |x Islam 
650 0 |a Husbands   |x Religious life 
650 0 0 |a Marriage   |x Islam   |x Family   |x Religious life 
999 |a 0000010394   |b BOOK   |c Open Shelf   |e Default branch